<?xml version="1.0" encoding="UTF-8"?>
<record
    xmlns:xsi="http://www.w3.org/2001/XMLSchema-instance"
    xsi:schemaLocation="http://www.loc.gov/MARC21/slim http://www.loc.gov/standards/marcxml/schema/MARC21slim.xsd"
    xmlns="http://www.loc.gov/MARC21/slim">

  <leader>04786nam a2200385 a 4500</leader>
  <controlfield tag="003">CHAP</controlfield>
  <controlfield tag="005">20240611171819.0</controlfield>
  <controlfield tag="007">ta</controlfield>
  <controlfield tag="008">230628s2022    mx abodfom||| 001 0 spa d</controlfield>
  <datafield tag="040" ind1=" " ind2=" ">
    <subfield code="e">rda</subfield>
  </datafield>
  <datafield tag="041" ind1=" " ind2=" ">
    <subfield code="a">spa</subfield>
    <subfield code="b">eng</subfield>
  </datafield>
  <datafield tag="100" ind1="1" ind2=" ">
    <subfield code="9">185535</subfield>
    <subfield code="a">Ponce Luna, Daritza Yazmin</subfield>
  </datafield>
  <datafield tag="240" ind1="1" ind2="0">
    <subfield code="a">Characterization of the asadero cheese from the state of Durango : with a systemic approach.</subfield>
    <subfield code="l">Espa&#xF1;ol</subfield>
  </datafield>
  <datafield tag="245" ind1="1" ind2="0">
    <subfield code="a">Caracterizaci&#xF3;n del queso asadero del estado de Durango :</subfield>
    <subfield code="b">con enfoque sist&#xE9;matico / </subfield>
    <subfield code="c">Daritza Yazmin Ponce Luna</subfield>
  </datafield>
  <datafield tag="264" ind1=" " ind2=" ">
    <subfield code="a">Chapingo, M&#xE9;xico :</subfield>
    <subfield code="b">El autor,</subfield>
    <subfield code="c">2022</subfield>
  </datafield>
  <datafield tag="300" ind1=" " ind2=" ">
    <subfield code="a">1 recurso en l&#xED;nea (86 p&#xE1;ginas) :</subfield>
    <subfield code="b">ilustraciones, tablas, mapas, diagramas, fotos</subfield>
  </datafield>
  <datafield tag="336" ind1=" " ind2=" ">
    <subfield code="2">rdacontent</subfield>
    <subfield code="a">texto</subfield>
    <subfield code="b">txt</subfield>
  </datafield>
  <datafield tag="337" ind1=" " ind2=" ">
    <subfield code="2">rdamedia</subfield>
    <subfield code="a">computadora</subfield>
    <subfield code="b">c</subfield>
  </datafield>
  <datafield tag="338" ind1=" " ind2=" ">
    <subfield code="2">rdacarrier</subfield>
    <subfield code="a">recurso en l&#xED;nea</subfield>
    <subfield code="b">cr</subfield>
  </datafield>
  <datafield tag="502" ind1=" " ind2=" ">
    <subfield code="a">Tesis</subfield>
    <subfield code="b">IA</subfield>
    <subfield code="c">Agroindustrias</subfield>
    <subfield code="d">2022</subfield>
    <subfield code="g">LIC</subfield>
  </datafield>
  <datafield tag="504" ind1=" " ind2=" ">
    <subfield code="a">Bibliograf&#xED;a: p&#xE1;ginas 74-81</subfield>
  </datafield>
  <datafield tag="520" ind1="3" ind2=" ">
    <subfield code="a">En M&#xE9;xico existe una gran variedad de quesos genuinos, los cuales representan la historia, cultura y saber-hacer de la regi&#xF3;n donde se producen, se caracterizan por ser elaborados de manera artesanal, con aditivos m&#xED;nimos y en su mayor&#xED;a con leche cruda siendo este su principal rasgo de distinci&#xF3;n frente a los &#x201C;quesos&#x201D; de imitaci&#xF3;n, quienes los han estado oprimiendo mediante una competencia desleal. La contribuci&#xF3;n cultural, gastron&#xF3;mica e identitaria que los quesos mexicanos genuinos desprenden necesita con urgencia una revalorizaci&#xF3;n por el esfuerzo, tiempo y mano de obra que conlleva su proceso de elaboraci&#xF3;n. Esta tesis rescata las caracter&#xED;sticas que definen al queso asadero elaborado en el estado de Durango, para esto se realiz&#xF3; un muestreo de asadero en la comunidad de Yerban&#xED;s perteneciente al municipio de Pe&#xF1;&#xF3;n Blanco, Dgo., se estudi&#xF3; su Sistema Agroindustrial y proceso de elaboraci&#xF3;n; se analizaron los componentes de composici&#xF3;n para la leche (grasa, prote&#xED;na, SNG, densidad, punto criosc&#xF3;pico y agua a&#xF1;adida) obteniendo valores dentro del rango que reflejan una buena calidad para su transformaci&#xF3;n y buen rendimiento quesero; se analizaron los componentes de composici&#xF3;n (grasa, prote&#xED;na, humedad, s&#xF3;lidos totales y sal) y microbiol&#xF3;gicos (conteo de coliformes totales) para el queso asadero, los valores obtenidos reflejaron variaci&#xF3;n de composici&#xF3;n en las cinco muestras analizadas, as&#xED; como dos muestras fuera de norma en el aspecto microbiol&#xF3;gico. En consecuencia, para disminuir la variabilidad se sugiere establecer una estandarizaci&#xF3;n en el proceso de elaboraci&#xF3;n, as&#xED; como adoptar mayores pr&#xE1;cticas de higiene tanto en el proceso de orde&#xF1;a como en el de elaboraci&#xF3;n, de tal manera que asegure la calidad integral del queso asadero.</subfield>
  </datafield>
  <datafield tag="520" ind1="3" ind2=" ">
    <subfield code="a">In Mexico there is a wide variety of genuine cheeses, which represent the history, culture and know-how of the region where they are produced, they are characterized by being made in an artisanal way, with minimal additives and mostly with raw milk, this being their main feature of distinction against imitation "cheese", who have been oppressing them through unfair competition. The cultural, gastronomic and identity contribution that genuine Mexican cheeses give off urgently needs a revaluation for the effort, time and labor involved in its production process. This thesis rescues the characteristics that define the grill cheese made in the state of Durango, for this a grill sampling was carried out in the community of Yerban&#xED;s belonging to the municipality of Pe&#xF1;&#xF3;n Blanco, Dgo., its Agroindustrial System and elaboration process were studied; the composition components for the milk (fat, protein, NGS, density, cryoscopic point and added water) were analyzed, obtaining values within the range that reflect good quality for its transformation and good cheese yield; composition (fat, protein, moisture, total solids and salt) and microbiological (total coliform count) components were analyzed for asadero cheese, the values obtained reflected compositional variation in the five samples analyzed, as well as two samples out of microbiological standard.</subfield>
  </datafield>
  <datafield tag="650" ind1="1" ind2="3">
    <subfield code="9">142512</subfield>
    <subfield code="a">Quesos</subfield>
    <subfield code="z">Durango</subfield>
    <subfield code="z">M&#xE9;xico</subfield>
    <subfield code="2">atg</subfield>
  </datafield>
  <datafield tag="650" ind1="1" ind2="3">
    <subfield code="9">147007</subfield>
    <subfield code="a">Evaluaci&#xF3;n sensorial de los alimentos  </subfield>
    <subfield code="2">atg</subfield>
  </datafield>
  <datafield tag="650" ind1="1" ind2="3">
    <subfield code="9">185388</subfield>
    <subfield code="a">Calidad del queso</subfield>
    <subfield code="2">atg</subfield>
  </datafield>
  <datafield tag="650" ind1="1" ind2="3">
    <subfield code="9">148387</subfield>
    <subfield code="a">Cheeses  </subfield>
    <subfield code="z">Durango</subfield>
    <subfield code="z">Mexico</subfield>
    <subfield code="2">atg</subfield>
  </datafield>
  <datafield tag="650" ind1="1" ind2="3">
    <subfield code="9">147012</subfield>
    <subfield code="a">Sensory evaluation  </subfield>
    <subfield code="2">atg</subfield>
  </datafield>
  <datafield tag="650" ind1="1" ind2="3">
    <subfield code="9">185390</subfield>
    <subfield code="a">Cheese quality</subfield>
    <subfield code="2">atg</subfield>
  </datafield>
  <datafield tag="700" ind1="1" ind2=" ">
    <subfield code="9">147701</subfield>
    <subfield code="a">Santos Moreno, Armando</subfield>
    <subfield code="e">director </subfield>
  </datafield>
  <datafield tag="700" ind1="1" ind2=" ">
    <subfield code="9">150304</subfield>
    <subfield code="a">Ram&#xED;rez Sep&#xFA;lveda, Marco Favio</subfield>
    <subfield code="e">asesor</subfield>
  </datafield>
  <datafield tag="700" ind1="1" ind2=" ">
    <subfield code="9">148019</subfield>
    <subfield code="a">P&#xE9;rez Rom&#xE1;n, Arturo</subfield>
    <subfield code="e">asesor</subfield>
  </datafield>
  <datafield tag="856" ind1="4" ind2="0">
    <subfield code="y">DESCARGAR PDF</subfield>
    <subfield code="u">http://10.13.5.2/tesis/tl/1611945-7_PONCE-LUNA_DARITZA_YAZMIN.pdf</subfield>
  </datafield>
  <datafield tag="942" ind1=" " ind2=" ">
    <subfield code="2">Clasificaci&#xF3;n Universidad Aut&#xF3;noma Chapingo</subfield>
    <subfield code="c">TD</subfield>
  </datafield>
  <datafield tag="999" ind1=" " ind2=" ">
    <subfield code="c">218989</subfield>
    <subfield code="d">218989</subfield>
  </datafield>
  <datafield tag="952" ind1=" " ind2=" ">
    <subfield code="0">0</subfield>
    <subfield code="1">0</subfield>
    <subfield code="2">local</subfield>
    <subfield code="4">0</subfield>
    <subfield code="7">0</subfield>
    <subfield code="8">TesDigL</subfield>
    <subfield code="a">IA_</subfield>
    <subfield code="b">IA_</subfield>
    <subfield code="c">E_L</subfield>
    <subfield code="d">2023-06-28</subfield>
    <subfield code="e">El autor</subfield>
    <subfield code="l">0</subfield>
    <subfield code="p">1201013716</subfield>
    <subfield code="r">2023-06-28 00:00:00</subfield>
    <subfield code="w">2023-06-28</subfield>
    <subfield code="y">TD</subfield>
  </datafield>
  <datafield tag="952" ind1=" " ind2=" ">
    <subfield code="0">0</subfield>
    <subfield code="1">0</subfield>
    <subfield code="2">local</subfield>
    <subfield code="4">0</subfield>
    <subfield code="5">1</subfield>
    <subfield code="7">0</subfield>
    <subfield code="8">TesDigL</subfield>
    <subfield code="a">BD</subfield>
    <subfield code="b">BD</subfield>
    <subfield code="c">E_L</subfield>
    <subfield code="d">2024-02-02</subfield>
    <subfield code="e">El autor</subfield>
    <subfield code="l">0</subfield>
    <subfield code="o">Tesis digital</subfield>
    <subfield code="p">1301013716</subfield>
    <subfield code="r">2024-02-02 00:00:00</subfield>
    <subfield code="w">2024-02-02</subfield>
    <subfield code="y">TD</subfield>
  </datafield>
</record>
